00394 2200157 4500245004200000020002200042250001100064100002300075700001800098650001700116005001900133260004300152041001400195084000800209300001900217 aBlue Lock 4cMuneyuki KaneshirohText a978-623-00-3433-6 aCet. 1 aMuneyuki Kaneshiro aYusuke Nomura aKomik Jepang a20250915142820 aJakartabPT Elex Media Komputidoc2023 aIndonesia a700 ailus. :c18 cm